Jan Rajlich 1920 a Jan Rajlich 1950

Hlavní autor: Gabrielová, Bronislava, 1930-2005
Další autoři: Rajlich, Jan, 1950-, Rajlich, Jan, 1920-2016
Jazyk: Čeština
Vydáno: Brno : Kulturní a informační centrum města Brna, 1993
Edice: Výtvarní umělci dneška
Fyzický popis: 80 s. : ilustr., fotogr.
Knihy
Uloženo v:
LEADER 00894nam a2200265 a 4500
001 000004513
003 CZ BrMZK
005 19931124143423.0
007 ta
008 931012s1993 xr f cze d
020 |c 73.00 
040 |a BOA001  |b cze 
100 1 |a Gabrielová, Bronislava,  |d 1930-2005  |7 jn20000400749 
245 1 0 |a Jan Rajlich 1920 a Jan Rajlich 1950 
260 |a Brno :  |b Kulturní a informační centrum města Brna,  |c 1993 
300 |a 80 s. :  |b ilustr., fotogr. 
490 1 |a Výtvarní umělci dneška ;  |v Díl 6 
500 |a Bibliogr. s. 55 
500 |a Souhrn angl. a něm. 
700 1 |a Rajlich, Jan,  |d 1950-  |7 jn20000402098 
700 1 |a Rajlich, Jan,  |d 1920-2016  |7 jn20000402099 
830 0 |a Výtvarní umělci dneška 
910 |a BOA001  |b 4-0993.418 
990 |a BK 
996 6 |b 2610002925  |c 4-0993.418  |l MZK  |r Sklad / do 1 hodiny  |n 3  |p p.v.  |w 000004513  |u 000010  |a 1  |e BOA001  |j MZK50  |s P